| 000 | 00554nam a22001817a 4500 | ||
|---|---|---|---|
| 999 |
_c194006 _d194006 |
||
| 005 | 20221202110812.0 | ||
| 010 | _aE.N.A./ 7.11.22 | ||
| 020 |
_a9789391581312 _c1995.00 |
||
| 037 | _bPSYCHO INFORMATION TECHNOLOGIES | ||
| 082 | _2first | ||
| 100 | _aAgyajit Singh | ||
| 245 |
_aSTUDY HUMAN PSYCHOLOGY/ _cBY AGYA GIT SINGH |
||
| 250 | _a2021 | ||
| 260 |
_aDelhi _bPsycho Information Technologies _c2021 |
||
| 270 |
_aB-6, Mukherjee Tower Comm. Comples Dr. Mukherjee Nagar, _bDelhi _e110009 |
||
| 300 |
_a361p _c25cm (HB) |
||
| 942 |
_2ddc _cEN _e2021 _mAGY |
||